Indice de documentos de Nueva España (Record no. 115561)

MARC details
000 -LEADER
campo de control de longitud fija 00842nam a2200241 i 4500
001 - NÚMERO DE CONTROL
campo de control 115561
003 - IDENTIFICADOR DE NÚMERO DE CONTROL
campo de control ES-MaACL
005 - FECHA Y HORA DE LA ÚLTIMA TRANSACCIÓN
campo de control 20230906190504.0
007 - CAMPO FIJO DE DESCRIPCIÓN FÍSICA--INFORMACIÓN GENERAL
campo de control de longitud fija t|
008 - DATOS DE LONGITUD FIJA--INFORMACIÓN GENERAL
campo de control de longitud fija 070315s1928 mx ||||1| spa d
245 00 - MENCIÓN DEL TÍTULO
Título Indice de documentos de Nueva España
Resto del título : existentes en el Archivo de Indias de Sevilla.
260 ## - PUBLICACIÓN, DISTRIBUCIÓN, ETC.
Lugar de publicación, distribución, etc. México :
Nombre del editor, distribuidor, etc. [s.n.],
Fecha de publicación, distribución, etc. 1928 (
Fabricante Imp. de la Secretaría de Relaciones Exteriores)
300 ## - DESCRIPCIÓN FÍSICA
Extensión 4 v. ;
Dimensiones 20 cm.
490 1# - MENCIÓN DE SERIE
Mención de serie Monografías bibliográficas mexicanas ;
Designación de volumen o secuencia 12,14,22,23
500 ## - NOTA GENERAL
Nota general Precede al tít.: Archivo de Indias.
710 2# - ENTRADA AGREGADA--NOMBRE DE ENTIDAD CORPORATIVA
Nombre de entidad corporativa o nombre de jurisdicción como elemento de entrada Archivo General de Indias.
9 (RLIN) 149748
830 0# - PUNTO DE ACCESO ADICIONAL DE SERIE-TÍTULO UNIFORME
Título uniforme Monografías bibliográficas mexicanas ;
Designación de volumen o secuencia 12,14,22,23
9 (RLIN) 186305
852 ## - LOCALIZACIÓN
Ubicación ES-MaACL
Número de control de estantería B-13413
852 ## - LOCALIZACIÓN
Ubicación ES-MaACL
Número de control de estantería B-13415
852 ## - LOCALIZACIÓN
Ubicación ES-MaACL
Número de control de estantería B-13423
852 ## - LOCALIZACIÓN
Ubicación ES-MaACL
Número de control de estantería B-13424
Holdings
Estatus retirado Estado de pérdida Estado de daño No para préstamo Biblioteca de origen Biblioteca actual Ubicación en estantería Fecha de adquisición Fuente de adquisición Total de préstamos Signatura topográfica completa Código de barras Visto por última vez Precio de reemplazo Tipo de ítem Koha
        Biblioteca del Ateneo de Madrid Biblioteca del Ateneo de Madrid Sala Pardo Bazán 17/01/2008     B-13424 1120496 23/02/2023 23/02/2023 Libro impreso
        Biblioteca del Ateneo de Madrid Biblioteca del Ateneo de Madrid Sala Pardo Bazán 17/01/2008     B-13413 1120493 23/02/2023 23/02/2023 Libro impreso
        Biblioteca del Ateneo de Madrid Biblioteca del Ateneo de Madrid Sala Pardo Bazán 17/01/2008     B-13415 1120494 23/02/2023 23/02/2023 Libro impreso
        Biblioteca del Ateneo de Madrid Biblioteca del Ateneo de Madrid Sala Pardo Bazán 17/01/2008     B-13423 1120495 23/02/2023 23/02/2023 Libro impreso